Szczegóły MARC21

Krucjaty : arabska perspektywa /

003 -Nazwa inst., której nr kontr. jest w polu 001 [,]
    • @
    • Nazwa instytucji, której n kontrolny jest w polu 001
    • NUKAT
005 -DATA I CZAS OSTATNIEJ MODYFIKACJI [,]
    • @
    • pole kontrolne
    • 20241231092714.0
020 -Międzynarod. znormalizowany nr książki - ISBN [ , ]
    • a
    • Numer ISBN
    • 9788365280466 Find
040 -Instytucja sporządzająca opis [ , ]
    • a
    • Instytucja, która sporządziła opis (NP)
    • KR 253/MD
    • b
    • Język katalogowania
    • pol
    • e
    • Zasady katalogowania
    • rda
    • c
    • Instytucja, która sporządziła rekord (NP)
    • KR 253/MD
    • d
    • Instytucja, która zmodyfikowała rekord (P)
    • KAT U/25JSs
    • d
    • Instytucja, która zmodyfikowała rekord (P)
    • WR U/DZs
041 -Język dokumentu [1, ]
    • a
    • Język tekstu (P)
    • polski
    • h
    • Język tekstu oryginalnego i/lub pośredniego (P)
    • angielski
942 -Rodzaj dokumentu [ , ]
    • c
    • Rodzaj dokumentu
    • Książka
100 -Hasło główne - nazwa osobowa [1, ]
    • a
    • Nazwa osobowa (NP)
    • Cobb, Paul M.
    • d
    • Daty biograficzne (NP)
    • (1967- ).
    • e
    • Rodzaj współpracy
    • Autor
    • 9
    • KHW
    • 476474
245 -Strefa tytułu i oznaczenia odpowiedzialności [1,0]
    • a
    • Tytuł
    • Krucjaty : Find
    • b
    • Ciąg dalszy tytułu (NP)
    • arabska perspektywa / Find
    • c
    • Pozostałe elementy strefy tytułu i oznaczenia odpowiedzialności (NP)
    • Paul M. Cobb ; przełożył Mateusz Józefowicz.
246 -Wariant tytułu [1, ]
    • i
    • Tekst wyświetlany na ekranie monitora (NP)
    • Tytuł oryginału:
    • a
    • Tytuł (NP)
    • Race for paradise :
    • b
    • Ciąg dalszy tytułu (NP)
    • an islamic history of the crusades
250 -Strefa wydania [ , ]
    • a
    • Oznaczenie wydania (NP)
    • Wydanie I.
260 -Strefa adresu wydawniczego [ , ]
    • a
    • Miejsce wydania (P)
    • Kraków :
    • b
    • Nazwa wydawcy (P)
    • Wydawnictwo Astra,
    • c
    • Data wydania (P)
    • 2018.
300 -Strefa opisu fizycznego [ , ]
    • a
    • Określenie formy książki i/lub objętość (NP)
    • 416 stron, [8] stron tablic :
    • b
    • Oznaczenie ilustracji (NP)
    • ilustracje ;
    • c
    • Format (NP)
    • 25 cm.
336 -Typ zawartości [ , ]
    • a
    • Termin opisujący typ zawartości
    • Tekst
    • b
    • Kod określający zawartość
    • txt
    • 2
    • Źródło (terminu i kodu)
    • rdacontent
337 -Typ mediów [ , ]
    • a
    • Tryb odtwarzania
    • Bez urządzenia pośredniczącego
    • b
    • Kod typu mediów
    • n
    • 2
    • Źródło (terminu i kodu)
    • rdamedia
338 -Typ/rodzaj nośnika [ , ]
    • a
    • Hasło opisujące typ nośnika
    • Wolumin
    • b
    • Kod typu nośnika
    • nc
    • 2
    • Źródło (terminu i kodu)
    • rdacarrier
500 -Uwaga ogólna [ , ]
    • a
    • Uwaga ogólna (NP)
    • Tytuł oryginału: The race for paradise : an islamic history of the crusades.
504 -Uwaga dot. bibliogr. załącznikowej [ , ]
    • a
    • Uwaga dot. bibliografii załącznikowej
    • Szkic bibliograficzny na stronach 408-411. Indeks.
650 -Hasło przedmiotowe [ ,7]
    • a
    • Hasło przedmiotowe
    • Wyprawy krzyżowe.
    • 2
    • Źródło terminu
    • kaba
    • 9
    • KHW
    • 136677
650 -Hasło przedmiotowe [ ,7]
    • a
    • Hasło przedmiotowe
    • Muzułmanie
    • z
    • Określnik geograficzny
    • Śródziemne, Morze (region)
    • y
    • Określnik chronologiczny
    • średniowiecze.
    • 2
    • Źródło terminu
    • kaba
    • 9
    • KHW
    • 476996
650 -Hasło przedmiotowe [ ,7]
    • a
    • Hasło przedmiotowe
    • Islam
    • x
    • Określnik rzeczowy
    • stosunki
    • x
    • Określnik rzeczowy
    • chrześcijaństwo
    • y
    • Określnik chronologiczny
    • do 1500.
    • 2
    • Źródło terminu
    • kaba
    • 9
    • KHW
    • 479278
650 -Hasło przedmiotowe [ ,7]
    • a
    • Hasło przedmiotowe
    • Chrześcijaństwo
    • x
    • Określnik rzeczowy
    • stosunki
    • x
    • Określnik rzeczowy
    • islam
    • y
    • Określnik chronologiczny
    • do 1500.
    • 2
    • Źródło terminu
    • kaba
    • 9
    • KHW
    • 479277
651 -Hasło przedmiotowe w formie nazwy geograficznej [ ,7]
    • a
    • Nazwa geograficzna
    • Europa
    • x
    • Określnik rzeczowy
    • opinia publiczna arabska
    • y
    • Określnik chronologiczny
    • średniowiecze.
    • 2
    • Źródło terminu
    • kaba
    • 9
    • KHW
    • 479279
651 -Hasło przedmiotowe w formie nazwy geograficznej [ ,7]
    • a
    • Nazwa geograficzna
    • Bliski Wschód
    • x
    • Określnik rzeczowy
    • opinia publiczna europejska
    • y
    • Określnik chronologiczny
    • średniowiecze.
    • 2
    • Źródło terminu
    • kaba
    • 9
    • KHW
    • 479280
651 -Hasło przedmiotowe w formie nazwy geograficznej [ ,7]
    • a
    • Nazwa geograficzna
    • Bliski Wschód
    • y
    • Określnik chronologiczny
    • 622-1517.
    • 2
    • Źródło terminu
    • kaba
    • 9
    • KHW
    • 103415
700 -Hasło dodatkowe - nazwa osobowa [1, ]
    • a
    • Nazwa osobowa (NP)
    • Józefowicz, Mateusz Find
    • d
    • Daty biograficzne (NP)
    • (1974- ).
    • e
    • Określenie rodzaju współpracy
    • Tłumaczenie
    • 9
    • KHW
    • 476473
710 -Hasło dodatkowe - nazwa ciała zbiorowego [2, ]
    • a
    • Nazwa ciała zbiorowego lub nazwa geograficzna jako pierwszy element (NP)
    • Wydawnictwo Astra (Kraków).
    • e
    • Rodzaj współpracy
    • Wydawca
    • 4
    • Kod relacji
    • pbl
    • 9
    • KHW
    • 415773
920 -ISBN [ , ]
    • a
    • ISBN
    • 978-83-65280-46-6 Find
Lokalizacja Data inwentaryzacji Obwoluta Status udost. Numer inwentarzowy Sygnatura
BNS2018-12-1911H.32168H.32168